| 000 | 00557nam a2200157Ia 4500 | ||
|---|---|---|---|
| 003 | SGT | ||
| 020 | _a8126503556 | ||
| 082 |
_a5 _bKRA |
||
| 100 | _aKramer,John B | ||
| 245 | 4 | _aThe CISA prep Guide | |
| 260 |
_bWiley India Pvt. Ltd. _aN.Delhi _c2005 |
||
| 300 | _a570p. | ||
| 650 | _aCOMPUTER SCIENCE | ||
| 653 | _aTHE INFORMATION SYSTEM AUDIT PROCESS,MANAGEMENT,PLANNING,AND ORGANIZATION OF INFORMATION SYSTEMS,TECHNICAL INFRASTRUCTURE AND OPERATIONAL PRACTICES,PROTECTION OF INFORMATION ASSETS,DISASTER RECOVERY AND BUSINESS CONTINUITY, | ||
| 942 |
_2ddc _cBK |
||
| 999 |
_c5663 _d5663 |
||